000 00258nam a22000977a 4500
999 _c10962
_d10962
008 180702b ||||| |||| 00| 0 eng d
020 _a9788183332521
100 _aMellor, Chauncey J
_96764
245 _aGerman Deluxe work Book
260 _aUSA
_bAkash Press
_c2008